000
00332nam a22001457a 4500
020
_a
9788123904115
082
_a
670.42 CHA
100
_a
Chapman, W.A.J.
_9
10212
245
_a
Workshop technology, part 2
250
_a
4th
260
_a
India
_b
CBS
_c
1995
300
_a
395
650
_a
Workshop Technology
_9
62971
942
_c
BK
999
_c
576803
_d
576803